Prognózy a plánovanie priemyselných podnikov zbierka príkladov

Na minha lista:
Detalhes bibliográficos
Autor principal: Horecká, Katarína
Autor Corporativo: Vysoká škola ekonomická v Bratislave. Fakulta ekonomiky a riadenia výrobných odvetví
Outros Autores: Kráľovič, Jozef, Pilková, Anna
Formato: Livro
Idioma:eslovaco
Publicado em: Bratislava Vysoká škola ekonomická 1983
Tags: Adicionar Tag
Sem tags, seja o primeiro a adicionar uma tag!

MARC

LEADER 00000nam a2200000 4500
001 c134325
005 20221220120200.4
041 0 |a slo 
044 |a SK 
245 1 0 |a Prognózy a plánovanie priemyselných podnikov  |b zbierka príkladov  |c Katarína Horecká, Jozef Kráľovič, Anna Pilková 
264 1 |a Bratislava  |b Vysoká škola ekonomická  |c 1983 
300 |a 147 s. 
100 1 |a Horecká, Katarína 
700 1 |a Kráľovič, Jozef 
700 1 |a Pilková, Anna 
710 2 |a Vysoká škola ekonomická v Bratislave. Fakulta ekonomiky a riadenia výrobných odvetví